00581cam a22001574a 4500020002500000040000800025082002600033100002000059245012000079260007800199300002800277650002000305700002200325700001700347856005900364 a9780896295094 (pbk.) cDLC00a363 INT 2008 C146 Or.1 aAdelman, Sarah.10aHow effective are food for education programs? :ba critical assessment of the evidence from developing countries / aWashington, D.C. :bInternational Food Policy Research Institute,cc2008. a69 p. :bill. ;c23 cm. 0aSchool children1 aGilligan, Daniel.1 aLehrer, Kim.41uhttp://www.loc.gov/catdir/toc/ecip0814/2008013124.html